=LDR 00000nam 2200000 4500 =001 INLIS000000000028385 =005 20200917124955 =035 ##$$a 0010-061300000028385 =008 200917###########################0###### =041 ##$$a Ind =082 ##$$a 2x9.871 =090 ##$$a 2x9.871, Sur a =100 1#$$a Surur, Thaha Abdul Baqi =245 1#$$a Alam pemikiran Al Ghazali, /$c Thaha Abdul Baqi Surur =260 ##$$a Jakarta :$b Pustaka Mantiq,$c 1992 =300 ##$$a 138 hlm, ; $c 14 x 21 cm =650 #4$$a Al Ghazali =850 ##$$a NBPNMAT =084 ##$$a 2x9.871 SUR a =250 ##$$a cet.1 =990 ##$$a 62.383/Pro.93